Štefánik sa vracia

Bibliographic Details
Main Author: Macko, Boris (Author)
Format: Article
Language:Slovak
Subjects:

MARC

LEADER 00000nab a2200000 a 4500
001 vtls000902587
003 SK-MaSNL
005 20260305021340.0
008 040720e19980805xo 0 slo
035 |a KE11560 
040 |a KEVKJB  |b slo  |c KEVKJB  |e AACR2 
041 0 |a slo 
044 |a xo  |c SK 
080 |a 725.94  |2 1981 
080 |a 730  |2 1981 
080 |a 929  |2 1981 
100 1 |a Macko, Boris  |4 aut  |9 857682 
245 1 0 |a Štefánik sa vracia 
590 |a Štefánik, Milan Rastislav 1880-1919  |b astronóm, politik, generál 
600 1 7 |a Štefánik, Milan Rastislav,  |d 1880-1919   |2 KEVKJB  |9 86219 
650 0 7 |a pamätníky  |2 KEVKJB  |9 25601 
650 0 7 |a socha  |2 KEVKJB  |9 1586119 
650 0 7 |a popis  |2 KEVKJB  |9 556565 
650 0 7 |a informácie  |2 KEVKJB  |9 1285 
651 7 |a Košice (Slovensko)  |2 KEVKJB  |9 18694 
651 7 |a KE,  |2 KEVKJB  |9 877256 
655 7 |a periodikum  |2 snkbucl  |9 29553 
773 0 8 |t Košický večer  |g Roč. 9  |g Roč. 30, č.149, 5.8.1998, s. 1 
852 |a ZVYKNI  |b KIS3GCP 
999 |c 3285292  |d 3287222